=LDR 00000nam 2200000 4500 =001 INLIS000000000005661 =005 20251020021715 =035 ##$$a 0010-1025000716 =007 ta =008 251020###########################0#ind## =082 ##$$a 362.1969792 =084 ##$$a 362.1969792 MOR p =100 #$$a Moresta V Langgar =245 1#$$a Peranan Kaum Muda Dalam Pencegahan Dan Menolong Penderita AIDS : $b - /$c Moresta V Langgar ; SMU Negeri 1 Kodya Kupang =260 ##$$a Kupang :$b SMU Negeri 1 Kodya Kupang,$c 1999 =300 ##$$a 14 hal : $b - ; $c 21 cm =650 #4$$a Keluarga Berencana =710 #$$a Badan Koordinasi Keluarga Berencana Nasional =856 ##$$a Perpustakaan Kemendukbangga